000
00313 a2200109 4500
001
ART_38672
005
20260410161740.0
008
260409a
245
1
0
_a
Derecho del trabajo como sistema
100
1
_a
Capon Filas, Rodolfo E.
773
0
_t
Doctrina laboral
_g
- NÂș 344 (abr. 2014)
_w
REV4049
999
_c
18626
_d
18626